| 000 | 01110cam a22002414a 4500 | ||
|---|---|---|---|
| 005 | 20250605164218.0 | ||
| 008 | 250528s ||||||||||||||||||||||||d | ||
| 035 | _a20553 | ||
| 020 | _a153777958 | ||
| 040 |
_aGR-AtMCL _bgre _dGR-AtMCL _eAACR2 |
||
| 245 | 1 | _aAmerica / Its People and Values | |
| 250 | _a2nd | ||
| 260 |
_bHarcourt Brace Jovanovich, Publishers, _c1979 |
||
| 300 | _a850 | ||
| 505 | 0 | _aEarly Years America, Land of a New People, An Independent Nation, Shaping the New Nation, Democracy in Action, Division and Reunion, A Land of Many Peoples, A Nation of Workers, A Self-Governing People, A Nation Among Nations, A Nation Swiftly Changing, Index. | |
| 520 | _aEarly Years America, Land of a New People, An Independent Nation, Shaping the New Nation, Democracy in Action, Division and Reunion, A Land of Many Peoples, A Nation of Workers, A Self-Governing People, A Nation Among Nations, A Nation Swiftly Changing, Index. | ||
| 700 | 1 |
_aBiller Edward L. _95765 |
|
| 700 | 1 |
_aGabriel Ralph H _95766 |
|
| 700 | 1 |
_aWood Leonard C _95767 |
|
| 942 | _cBK | ||
| 999 |
_c5651 _d5651 |
||